Normal view MARC view
  • E.H.Bailey

Entry Personal Name

Number of records used in: 1

001 - CONTROL NUMBER

  • control field: 105353

003 - CONTROL NUMBER IDENTIFIER

  • control field: NUST

005 - DATE AND TIME OF LATEST TRANSACTION

  • control field: 20221220122117.0

008 - FIXED-LENGTH DATA ELEMENTS

  • fixed length control field: 221220|| aca||aabn | a|a d

040 ## - CATALOGING SOURCE

  • Original cataloging agency: NUST
  • Transcribing agency: NUST

100 ## - HEADING--PERSONAL NAME

  • Personal name: E.H.Bailey

670 ## - SOURCE DATA FOUND

  • Source citation: Work cat.: (NUST)193734: E.H.Bailey, The Prental Epoch, 1916
© 2023 Central Library, National University of Sciences and Technology. All Rights Reserved.